| 000 | 00378nam a2200145Ia 4500 | ||
|---|---|---|---|
| 008 | 240624s9999 xx 000 0 und d | ||
| 041 | _aeng | ||
| 082 | _a658.15 RUS | ||
| 100 | _aRUSTOGI R P | ||
| 245 | _aFINANCIAL MANAGEMENT THEORY CONCEPTS AND | ||
| 250 | _a(4th ed.) | ||
| 260 |
_c2010 _aNew Delhi _bTaxmann Publications Pvt. Ltd. |
||
| 300 | _a968 : p. | ||
| 365 |
_cRS _b28 |
||
| 999 |
_c16654 _d16654 |
||